00997naa#a2200193#i#4500001001600000005001700016011001400033100004100047102000700088200019000095210005800285215001000343608004500353675022200398700006400620700005200684700005200736856001500788RU\\bibl\12058920260501140031.5##a2587-6740##a20260415b2026####ek#y0rusy0150####ca##aRU1#aСовременный аспект кластерного подхода в повышении эффективности управления АПКeЖурнальная статья1#aМоскваcЭлектронная наукаd2026##a5 с.##aЖурнальная статья2local##aЭкономическое положение. Экономическая политика. Управление и планирование в экономике. Производство. Услуги. Цены. 338#1aИзмайловаgСветлана Анатольевна#1aКожинаgВероника Олеговна#1aТолмачеваgИрина Вильевна4#aecience.ru